| 000 | 00619nam a2200169 a 4500 | ||
|---|---|---|---|
| 001 | 000019134 | ||
| 005 | 20200929165930.0 | ||
| 008 | 100526s1986 ru c r 000 0 spa d | ||
| 040 |
_aDO-SdBNP _bspa _cBNPHU |
||
| 082 |
_axxx _bD249j |
||
| 100 | 1 |
_aDavidow, Mike _941165 |
|
| 245 | 1 | 3 |
_aLa juventud lucha por su porvenir / _cMike Davidow ; traductor Vladimir Alexeev. |
| 260 |
_aMoscú : _bAgencia de Prensa Nóvisti, _c1986. |
||
| 300 |
_a63 p. : _bretrs. ; _c17 cm. |
||
| 500 | _aEn la portada: notas de un periodista norteamericano sobre XII Festival Mundial de la Juventud y los Estudiantes en Moscú | ||
| 049 | _aBNGR | ||
| 999 |
_c18652 _d18652 |
||